The Cathedral in Old Dongola and its antecedents / (Record no. 19946)

000 -LEADER
fixed length control field 01503cam a2200349 a 4500
001 - CONTROL NUMBER
control field 4371258
005 - DATE AND TIME OF LATEST TRANSACTION
control field 20170118083358.0
008 - FIXED-LENGTH DATA ELEMENTS--GENERAL INFORMATION
fixed length control field 901015s1990 pl a b 000 0 eng
010 ## - LIBRARY OF CONGRESS CONTROL NUMBER
LC control number 90204303
020 ## - INTERNATIONAL STANDARD BOOK NUMBER
International Standard Book Number 8301044594
040 ## - CATALOGING SOURCE
Original cataloging agency DLC
Transcribing agency DLC
Modifying agency DLC
043 ## - GEOGRAPHIC AREA CODE
Geographic area code f-sj---
050 00 - LIBRARY OF CONGRESS CALL NUMBER
Classification number NA6097.6 .S73G37 1990
100 1# - MAIN ENTRY--PERSONAL NAME
Personal name Gartkiewicz, Przemysław M.
245 14 - TITLE STATEMENT
Title The Cathedral in Old Dongola and its antecedents /
Statement of responsibility, etc. Przemysław M. Gartkiewicz.
260 ## - PUBLICATION, DISTRIBUTION, ETC. (IMPRINT)
Place of publication, distribution, etc. Warszawa :
Name of publisher, distributor, etc. Państwowe Wydawn. Nauk.,
Date of publication, distribution, etc. 1990.
300 ## - PHYSICAL DESCRIPTION
Extent 326 p. :
Other physical details ill. ;
Dimensions 30 cm.
490 1# - SERIES STATEMENT
Series statement Nubia ;
Volume/sequential designation 1.
Series statement Dongola,
International Standard Serial Number 0860-7923 ;
Volume/sequential designation 2
500 ## - GENERAL NOTE
General note Title on added t.p.: Katedra w Starej Dongoli i poprzedzające ją budowle.
500 ## - GENERAL NOTE
General note At head of title: Zakład Archeologii Śródziemnomorskiej Polskiej Akademii Nauk i Polska Stacja Archeologii Śródziemnomorskiej Uniwersytetu Warszawskiego w Arabskiej Republice Egiptu.
504 ## - BIBLIOGRAPHY, ETC. NOTE
Bibliography, etc Includes bibliographical references.
650 #0 - SUBJECT ADDED ENTRY--TOPICAL TERM
Topical term or geographic name as entry element Coptic church buildings
Geographic subdivision Sudan
-- Dunqulah.
740 0# - ADDED ENTRY--UNCONTROLLED RELATED/ANALYTICAL TITLE
Uncontrolled related/analytical title Katedra w Starej Dongoli i poprzedzające ją budowle.
830 #0 - SERIES ADDED ENTRY--UNIFORM TITLE
Uniform title Nubia (Series) ;
Volume number/sequential designation 1.
830 #0 - SERIES ADDED ENTRY--UNIFORM TITLE
Uniform title Nubia (Series).
Name of part/section of a work Dongola ;
Volume number/sequential designation 2.
942 ## - ADDED ENTRY ELEMENTS (KOHA)
Source of classification or shelving scheme
Koha item type Hard Covered Materials

No items available.

© Machakos University Library, Along The Highway, Machakos Wote Rd, Machakos, Kenya P.O. Box 136 - 90100 Machakos - Kenya

Tel: ( +254 ) 723 805829 OR Fax : 044-20353 OR Email: library@mksu.ac.ke